| 000 | 00893cam a2200277 4500 | ||
|---|---|---|---|
| 008 | 090401t1984 xxu||||| |||| 00| 0 eng d | ||
| 020 | _a0851208363 | ||
| 035 | _a(Sirsi) u38688 | ||
| 041 | _aeng | ||
| 050 | _a346.4104344 | ||
| 100 | _aClarke, D.N. | ||
| 245 | _aRent reviews and variable rents | ||
| 250 | _a2nd ed. | ||
| 260 |
_aLondon _bOyez Longman _c1984 |
||
| 300 | _axxxviii, 437p. ; 24cm. | ||
| 350 | _a24.5 | ||
| 520 | _aIncludes full text of the RICS Guidance Notes for Surveyors Acting as Arbitrators or as Independent Experts in Rent Reviews. | ||
| 650 | _aMANAGEMENT-DISPUTE AVOIDANCE, MANAGEMENT AND RESOLUTION-DISPUTE MANAGEMENT AND RESOLUTION-ARBITRATION | ||
| 650 |
_aEXPERT WITNESS _96239 |
||
| 650 | _aPRECEDENTS | ||
| 650 | _aRENT | ||
| 650 | _aROYAL INSTITUTION OF CHARTERED SURVEYORS | ||
| 700 | _aAdams, J. E. | ||
| 942 | _n0 | ||
| 948 | _c04/03/1997 | ||
| 999 |
_c90686 _d90686 |
||